Women's NCAA Basketball Players of the Year - Statistics

General Stats
  • This quiz has been taken 129 times
    104 since last reset
  • The average score is 15 of 41
Answer Stats
Year Player College Current Team % Correct
2023 Caitlin Clark Iowa Iowa Hawkeyes
97%
2021 Paige Bueckers UConn UConn Huskies
86%
2002 Sue Bird UConn Retired
76%
2016 Breanna Stewart UConn New York Liberty
69%
2015 Breanna Stewart UConn New York Liberty
69%
2014 Breanna Stewart UConn New York Liberty
69%
2004 Diana Taurasi UConn Phoenix Mercury
65%
2003 Diana Taurasi UConn Phoenix Mercury
65%
2018 A'ja Wilson South Carolina Las Vegas Aces
64%
2022 Aliyah Boston South Carolina South Carolina Gamecocks
64%
2020 Sabrina Ionescu Oregon New York Liberty
59%
2017 Kelsey Plum Washington Las Vegas Aces / Arkansas Razorbacks - (Women's Graduate Assistant)
53%
2011 Maya Moore UConn Retired
51%
2009 Maya Moore UConn Retired
51%
2013 Brittney Griner Baylor Phoenix Mercury
50%
2012 Brittney Griner Baylor Phoenix Mercury
50%
1992 Dawn Staley Virginia South Carolina Gamecocks - (Women's Head Coach) / USA Women's National Team - (Head Coach)
49%
1991 Dawn Staley Virginia South Carolina Gamecocks - (Women's Head Coach) / USA Women's National Team - (Head Coach)
49%
2008 Candace Parker Tennessee Las Vegas Aces
46%
1986 Cheryl Miller USC Retired
29%
1985 Cheryl Miller USC Retired
29%
1984 Cheryl Miller USC Retired
29%
2019 Megan Gustafson Iowa Phoenix Mercury
26%
1995 Rebecca Lobo UConn Retired
26%
1993 Sheryl Swoopes Texas Tech Retired
22%
2010 Tina Charles UConn Free Agent
21%
1994 Lisa Leslie USC Retired
18%
2006 Seimone Augustus LSU Retired
15%
2005 Seimone Augustus LSU Retired
15%
1999 Chamique Holdsclaw Tennessee Retired
14%
1998 Chamique Holdsclaw Tennessee Retired
14%
2001 Ruth Riley Notre Dame Retired
12%
2000 Tamika Catchings Tennessee Retired
12%
1990 Jennifer Azzi Stanford Retired
10%
2007 Lindsey Harding Duke Sacramento Kings - (Player Development Coach)
6%
1997 Kate Starbird Stanford Retired
4%
1983 Anne Donovan Old Dominion Dead
3%
1996 Saudia Roundtree Georgia Retired
3%
1988 Sue Wicks Rutgers Retired
3%
1989 Clarissa Davis Texas Retired
1%
1987 Clarissa Davis Texas Retired
1%
No matching quizzes found
Score Distribution
Percent of People with Each Score
Percentile by Number Answered
Your Score History
You have not taken this quiz since the last reset